| 000 | 01130nam0a22002411i 4500 | ||
|---|---|---|---|
| 001 | rc\3241005 | ||
| 005 | 20240723212052.0 | ||
| 021 |
_aRU _b[71-21099а] |
||
| 035 | _a(NLR Aleph) 007375582 | ||
| 090 |
_a6452448 _c6452448 |
||
| 100 | _a20130115d1971 |||y0rusy50 ca | ||
| 101 | 0 | _arus | |
| 102 | _aRU | ||
| 105 | _ay d ||||| | ||
| 200 | 1 |
_aИзменение инженерно-геологических свойств лессовых пород в связи с орошением _e(На примере сред. части долины реки Зарафшан) _eАвтореф. дис. на соискание учен. степени канд. геол.-минерал. наук _e(126) _fАН УзССР. Ин-т гидрогеологии и инж. геологии. Отд. регион. инж. геологии |
|
| 210 |
_aТашкент _d1971 |
||
| 215 | _a26 с. | ||
| 320 | _aСписок работ авт.: с. 24-25 (8 назв.) | ||
| 700 | 1 |
_aХасанова _bХ.А. _gХурия Арифхановна |
|
| 801 | 0 |
_aRU _bNLR _gpsbo |
|
| 801 | 1 |
_aRU _bELAR _2rusmarc |
|
| 852 |
_aNLR _j72-4/9968 |
||
| 942 | _cBOOK | ||